000 00323nam a2200133Ia 4500
008 240624s9999 xx 000 0 und d
041 _aeng
082 _a823 CLA
100 _aCLASON GEORGE S
245 _aRICHEST MAN IN BABYLON
260 _c1955
_aNew York
_bA Signet Book
300 _ax, 144 p.; 17 cm.
365 _cRS
999 _c31752
_d31752